000
00204nam a2200097Ia 4500
008
240331s9999 xx 000 0 und d
082
_b
WIC
100
_a
Wickramasinghe,M
245
0
_a
Yuganthaya
942
_c
L
999
_c
4952
_d
4952